000 00645nam a2200229Ia 4500
003 OSt
005 20220918192657.0
006 a|||||r|||| 00| 0
007 ta
008 220917b |||||||| |||| 00| 0 eng d
024 _a69,584
037 _cTextual
040 _aARTS
_cARTS
_beng
041 _2eng
_aeng
082 _aQ4z7, H9 (Q4)
100 _aJayasundere A D
_979779
245 0 _aBuddhist essays and reviews
_b being a collection of contributions to journals on the subject of Buddhism
260 _c1949
650 _aRELIGION
942 _hQ4z7, H9 (Q4)
_cTEXL
_2CC
999 _c195726
_d195726